|
|
|
|
| LEADER |
01200nam a2200313 a 4500 |
| 001 |
c000174328 |
| 003 |
CARM |
| 005 |
20041014140630.0 |
| 008 |
751030s1975 tmaa j 001 0 eng d |
| 019 |
1 |
|
|a 1637987
|5 LACONCORD2021
|
| 020 |
|
|
|a 0959832904 :
|c unpriced
|
| 035 |
|
|
|a (OCoLC)27609848
|5 LACONCORD2021
|
| 040 |
|
|
|a ANB
|b eng
|c ANB
|d ABN:1
|
| 042 |
|
|
|a anuc
|
| 082 |
1 |
4 |
|a 001.64
|2 19
|
| 082 |
1 |
4 |
|a 004
|2 19
|
| 100 |
1 |
|
|a Brownell, Scott Harris.
|
| 245 |
1 |
0 |
|a Computer studies /
|c S. Brownell, G. Murray, J. Oliver.
|
| 260 |
|
|
|a [Howrah, Tas.] :
|b S. Brownell, G. Murray, J. Oliver,
|c 1975.
|
| 300 |
|
|
|a iii, 243 p. :
|b ill. ;
|c 25 cm.
|
| 500 |
|
|
|a Computer systems. Secondary school texts (ANB/PRECIS SIN 0045527)
|
| 500 |
|
|
|a Index.
|
| 500 |
|
|
|a Available from S. Brownell, Unit 10. 175 Rockeby Road, Howrah, Tas. 7018.
|
| 650 |
|
0 |
|a Electronic data processing
|x Textbooks.
|
| 700 |
1 |
|
|a Oliver, Jack,
|d 1925-
|
| 700 |
1 |
|
|a Murray, Geoffrey Allan,.
|
| 852 |
8 |
|
|b CARM
|h A2:AN08F0
|i C06223
|p 0244697
|f BK
|
| 999 |
f |
f |
|i 9d9e9e96-b35c-5bfb-815c-e1c992b21ad6
|s 100ec73d-f78b-5256-94e8-59fa4aa7d149
|
| 952 |
f |
f |
|p Can circulate
|a CAVAL
|b CAVAL
|c CAVAL
|d CARM 1 Store
|e C06223
|f A2:AN08F0
|h Other scheme
|i book
|m 0244697
|